00458nam a2200181Ia 4500003000400000005001700004008004100021040000700062041000800069082002100077100002300098245006300121250000600184260003100190365000800221650003100229650001600260OSt20230518151131.0210423s1979 xx 000 0 und d cAL aeng a361.3 223bTURS aTURNER (Francis J) aSocial work treatment: interlocking theoretical approaches a2 aNew YorkbFree Pressc1979 cINR aSocial Problems & Services aSocial Work